000 01738nam a2200289Ia 4500
999 _c36503
_d36503
001 2421
003 GE_BSU
005 20230515152027.0
008 181216s2009||||ge |||||||||||||| ||geo||
020 _a9789941131042
040 _cGE_BSU
041 _ageo
080 _a004.43 დ–21
100 _aხუციშვილი, ირინა
_911774
245 _aდაპროგრამების ენა C :
_cირინა ხუციშვილი, თინა დავითაშვილი, ნათელა არჩვაძე [და სხვა] ; რედაქტორი ალექსანდრე გამყრელიძე ; გარეკანი თინათინ ჩირინაშვილი ; ივანე ჯავახიშვილის სახ. თბილისის სახელმწ. უნივერსიტეტი.
_b[ლექციების კურსი] /
264 _aთბილისი:
_b თბილისის უნივერსიტეტის გამ-ბა,
_c2009.
300 _a220 გვ.;
_b20 სმ
504 _a ბიბლიოგრ.: გვ. 219.
541 _h7ლ.
653 _aდაპროგრამების ენა C
653 _aლექციების კურსი
700 _aდავითაშვილი, თინა
_eავტორი
_911775
700 _aარჩვაძე,ნათელა
_eავტორი
_911776
700 _aგამყრელიძე, ა.
_eრედაქტორი
_911777
700 _aჩირინაშვილი, თინათინ
_eყდის დიზაინერი
_918081
942 _cBK
_2udc